000 01061cam a22003377a 4500
003 CHAP
005 20220817042731.0
008 971013s1974 r 00010 d
010 _a53864
011 _a54836
035 _a58988
040 _cCHAP
082 _a581.194
_bR8
100 0 0 _aRuneckles, V. C.
_eed.
_9100857
245 1 4 _aThe chemistry and biochemistry of plant hormones
260 _aNew York :
_bAcademic Press,
_c1974
300 _a178 p.
490 0 _aRecent advances in phytochemistry
_v; 7
590 _aBATCH-UPD
_b10
_c20130110
_lUCH01
_h0537
590 _aBATCH-UPD
_b10
_c20130410
_lUCH01
_h0217
590 _aBATCH-UPD
_b10
_c20130914
_lUCH01
_h1622
590 _aCONVERSION
_b10
_c20130109
_lUCH01
_h1329
650 1 4 _aHormonas vegetales.
650 1 4 _aQuĂ­mica vegetal.
_993602
700 0 _aSondheimer, Ernest.
_9108560
700 0 _aWalton, D. C.
_9120990
830 0 _aRecent advances in phytochemistry
_v; 7
_994982
901 _aBK
942 _cLIBRO
949 _a581.194 R8
_bBC
_cLIBRO
_d33724000452512
_eLIBRO
_h54662
_i58988
_si
999 _c53864
_d53864